<?xml version="1.0" encoding="UTF-8"?>
<record
    xmlns:xsi="http://www.w3.org/2001/XMLSchema-instance"
    xsi:schemaLocation="http://www.loc.gov/MARC21/slim http://www.loc.gov/standards/marcxml/schema/MARC21slim.xsd"
    xmlns="http://www.loc.gov/MARC21/slim">

  <leader>01344nam a2200229 a 4500</leader>
  <controlfield tag="003">BD-RjUL</controlfield>
  <controlfield tag="005">20220404091049.0</controlfield>
  <controlfield tag="008">220403s1955    ua ||||| |||| 00| 0 ara d</controlfield>
  <datafield tag="035" ind1=" " ind2=" ">
    <subfield code="a">(BD-RjUL)</subfield>
  </datafield>
  <datafield tag="040" ind1=" " ind2=" ">
    <subfield code="a">BD-RjUL</subfield>
    <subfield code="b">eng</subfield>
    <subfield code="c">BD-RjUL</subfield>
  </datafield>
  <datafield tag="041" ind1=" " ind2=" ">
    <subfield code="a">ara</subfield>
  </datafield>
  <datafield tag="082" ind1=" " ind2=" ">
    <subfield code="2">23</subfield>
  </datafield>
  <datafield tag="100" ind1=" " ind2=" ">
    <subfield code="a">&#x627;&#x628;&#x646; &#x62A;&#x64A;&#x645;&#x64A;&#x629;&#x60C; &#x627;&#x62D;&#x645;&#x62F; &#x628;&#x646; &#x639;&#x628;&#x62F; &#x627;&#x644;&#x62D;&#x644;&#x64A;&#x645;,[ Ibn Taymiyyah, Ahmad Ibn Abd al-Halim], </subfield>
    <subfield code="d">1263-1328</subfield>
    <subfield code="9">2199</subfield>
  </datafield>
  <datafield tag="245" ind1=" " ind2=" ">
    <subfield code="a">&#x627;&#x644;&#x642;&#x64A;&#x627;&#x633; &#x641;&#x649; &#x627;&#x644;&#x634;&#x631;&#x639; &#x627;&#x644;&#x627;&#x633;&#x644;&#x627;&#x645;&#x649; &#x648; &#x627;&#x62B;&#x628;&#x627;&#x62A; &#x627;&#x646;&#x647; &#x644;&#x645; &#x64A;&#x631;&#x62F; &#x641;&#x64A; &#x627;&#x644;&#x627;&#x633;&#x644;&#x627;&#x645; &#x646;&#x635; &#x64A;&#x62E;&#x627;&#x644;&#x641; &#x627;&#x644;&#x642;&#x64A;&#x627;&#x633; &#x627;&#x644;&#x635;&#x62D;&#x64A;&#x62D; ;; [al-Qiy&#x101;s f&#x12B; al-shar&#x2BB; al-isl&#x101;m&#x12B; wa-ithb&#x101;t annahu lam yarid f&#x12B; al-isl&#x101;m na&#x1E63;&#x1E63; yukh&#x101;lifu al-qiy&#x101;s al-&#x1E63;a&#x1E25;&#x12B;&#x1E25;] /</subfield>
    <subfield code="c">&#x628;&#x642;&#x644;&#x645; &#x62A;&#x642;&#x64A; &#x627;&#x644;&#x62F;&#x64A;&#x646; &#x627;&#x628;&#x64A; &#x627;&#x644;&#x639;&#x628;&#x627;&#x633; &#x627;&#x62D;&#x645;&#x62F; &#x628;&#x646; &#x62A;&#x64A;&#x645;&#x64A;&#x629; &#x648;. ; [A&#x1E25;mad ibn &#x2BB;Abd al-&#x1E24;al&#x12B;m Ibn Taym&#x12B;yah; Mu&#x1E25;ammad ibn Ab&#x12B; Bakr Ibn Qayyim al-Jawz&#x12B;yah]</subfield>
  </datafield>
  <datafield tag="250" ind1=" " ind2=" ">
    <subfield code="a">2nd ed.</subfield>
  </datafield>
  <datafield tag="260" ind1=" " ind2=" ">
    <subfield code="a">al-Q&#x101;hirah :</subfield>
    <subfield code="b"> al-Ma&#x1E6D;ba&#x2BB;ah al-salaf&#x12B;yah wa-maktabatuh&#x101;, </subfield>
    <subfield code="c"> [1927</subfield>
  </datafield>
  <datafield tag="300" ind1=" " ind2=" ">
    <subfield code="a">132 p. ; </subfield>
    <subfield code="c">23 cm</subfield>
  </datafield>
  <datafield tag="650" ind1=" " ind2=" ">
    <subfield code="a"> Islamic law</subfield>
    <subfield code="v"> Interpretation and construction</subfield>
    <subfield code="y"> Early works to 1800. </subfield>
    <subfield code="9">2200</subfield>
  </datafield>
  <datafield tag="650" ind1=" " ind2=" ">
    <subfield code="a">Islamic law </subfield>
    <subfield code="v">Interpretation and construction</subfield>
    <subfield code="9">2201</subfield>
  </datafield>
  <datafield tag="700" ind1=" " ind2=" ">
    <subfield code="a">&#x627;&#x644;&#x62C;&#x648;&#x632;&#x64A;,   &#x634;&#x645;&#x633; &#x627;&#x644;&#x62F;&#x64A;&#x646; &#x627;&#x628;&#x64A; &#x639;&#x628;&#x62F;&#x627;&#x644;&#x644;&#x647; &#x645;&#x62D;&#x645;&#x62F; &#x627;&#x628;&#x646; &#x642;&#x64A;&#x645; [Al-Jawzi,  Shams Al-Din Abi Abdullah Muhammad Ibn Qayyim,] </subfield>
    <subfield code="9">2203</subfield>
  </datafield>
  <datafield tag="942" ind1=" " ind2=" ">
    <subfield code="2">ddc</subfield>
    <subfield code="c">BK</subfield>
  </datafield>
  <datafield tag="999" ind1=" " ind2=" ">
    <subfield code="c">79652</subfield>
    <subfield code="d">79652</subfield>
  </datafield>
  <datafield tag="952" ind1=" " ind2=" ">
    <subfield code="0">0</subfield>
    <subfield code="1">0</subfield>
    <subfield code="2">ddc</subfield>
    <subfield code="4">0</subfield>
    <subfield code="7">1</subfield>
    <subfield code="8">NFIC</subfield>
    <subfield code="a">RUCL</subfield>
    <subfield code="b">RUCL</subfield>
    <subfield code="c">Reading</subfield>
    <subfield code="d">1954-08-10</subfield>
    <subfield code="e">Urdu Library, Rajshahi</subfield>
    <subfield code="g">7.00</subfield>
    <subfield code="o">A 297.14 IBQ 1927</subfield>
    <subfield code="r">2022-04-03 00:00:00</subfield>
    <subfield code="t">C-1</subfield>
    <subfield code="y">BK</subfield>
  </datafield>
</record>
